| Tag |
First Indicator |
Second Indicator |
Subfields |
| LEADER |
00000cas a2200000Ii 4500 |
| 001 |
in00000089208 |
| 005 |
20190702144041.0 |
| 008 |
790321d1978198utxuar s0 a0eng d |
| 035 |
|
|
|a (OCoLC)ocm04762645
|
| 035 |
|
|
|a (OCoLC)04762645
|
| 035 |
|
|
|9 AAK5803AM
|
| 040 |
|
|
|a IKM
|b eng
|e rda
|c IKM
|d DLC
|d OCL
|d OCLCF
|d OCLCO
|d INT
|d OCLCQ
|d TXA
|
| 019 |
|
|
|a 8575827
|
| 035 |
|
|
|a (OCoLC)4762645
|z (OCoLC)8575827
|
| 043 |
|
|
|a n-us-tx
|
| 050 |
|
4 |
|a HE213.T4
|b T42
|
| 086 |
|
|
|a Z TA505.3 An78
|2 txdocs
|
| 090 |
|
|
|a TA1001
|b .A56
|
| 049 |
|
|
|a TXAM
|
| 110 |
2 |
|
|a Texas Transportation Institute,
|e author,
|e issuing body.
|
| 245 |
1 |
0 |
|a Annual report /
|c Texas Transportation Institute.
|
| 246 |
3 |
|
|a Texas Transportation Institute annual report
|
| 264 |
|
1 |
|a College Station, Texas :
|b Texas Transportation Institute
|
| 300 |
|
|
|a volumes :
|b illustrations ;
|c 28 cm
|
| 310 |
|
|
|a Annual
|
| 336 |
|
|
|a text
|b txt
|2 rdacontent
|
| 337 |
|
|
|a unmediated
|b n
|2 rdamedia
|
| 338 |
|
|
|a volume
|b nc
|2 rdacarrier
|
| 362 |
1 |
|
|a Began with: 1978.
|
| 500 |
|
|
|a Tx Doc no.: Z, TA505.3, An78.
|
| 500 |
|
|
|a At head of title: Texas Transportation Institute.
|
| 588 |
|
|
|a Description based on: 1978.
|
| 588 |
|
|
|a Latest issue consulted: 1979.
|
| 610 |
2 |
0 |
|a Texas Transportation Institute
|v Periodicals.
|
| 650 |
|
0 |
|a Transportation
|z Texas
|v Periodicals.
|
| 650 |
|
0 |
|a Transportation
|x Research
|z Texas
|v Periodicals.
|
| 610 |
2 |
7 |
|a Texas Transportation Institute.
|2 fast
|0 (OCoLC)fst00533244
|
| 776 |
0 |
8 |
|i Online version:
|a Texas Transportation Institute.
|t Annual report - Texas Transportation Institute
|w (OCoLC)760872292
|
| 785 |
0 |
0 |
|a Texas Transportation Institute.
|t Review
|w (DLC) 86640754
|w (OCoLC)9748683
|
| 948 |
|
|
|a updated
|b h
|c 2019/07/02
|e zdobbs
|f 2:40:34 pm
|
| 936 |
|
|
|a 1978-
|
| 994 |
|
|
|a C0
|b TXA
|
| 999 |
f |
f |
|s 6b0caae1-b488-3d2a-9ecc-4c4ffc7ec58c
|i 19b2dfc3-9b9d-304c-82bd-93edeb3dc396
|t 0
|
| 952 |
f |
f |
|p ric
|a Texas A&M University
|b Rellis Campus
|c Joint Library Facility
|d Remote Storage
|t 0
|e TA1001 .A56
|h Library of Congress classification
|i unmediated -- volume
|k 1986-1987
|m A14811004137
|
| 952 |
f |
f |
|p ric
|a Texas A&M University
|b Rellis Campus
|c Joint Library Facility
|d Remote Storage
|t 0
|e TA1001 .A56
|h Library of Congress classification
|i unmediated -- volume
|k 1987/1988
|m A14808411163
|
| 952 |
f |
f |
|p ric
|a Texas A&M University
|b Rellis Campus
|c Joint Library Facility
|d Remote Storage
|t 0
|e TA1001 .A56
|h Library of Congress classification
|i unmediated -- volume
|k 1990/1991
|m A14815408715
|
| 952 |
f |
f |
|p ric
|a Texas A&M University
|b Rellis Campus
|c Joint Library Facility
|d Remote Storage
|t 0
|e TA1001 .A56
|h Library of Congress classification
|i unmediated -- volume
|k 1988/1989
|m A14812312834
|
| 952 |
f |
f |
|p ric
|a Texas A&M University
|b Rellis Campus
|c Joint Library Facility
|d Remote Storage
|t 0
|e TA1001 .A56
|h Library of Congress classification
|i unmediated -- volume
|k 1998
|m A14811247905
|
| 952 |
f |
f |
|p ric
|a Texas A&M University
|b Rellis Campus
|c Joint Library Facility
|d Remote Storage
|t 0
|e TA1001 .A56
|h Library of Congress classification
|i unmediated -- volume
|k 1992/1993
|m A14820334141
|
| 952 |
f |
f |
|p ric
|a Texas A&M University
|b Rellis Campus
|c Joint Library Facility
|d Remote Storage
|t 0
|e TA1001 .A56
|h Library of Congress classification
|i unmediated -- volume
|k 1985-1986
|m A14810003675
|
| 952 |
f |
f |
|p noncirc
|a Texas A&M University
|b College Station
|c Cushing Memorial Library & Archives
|d Cushing: Texas A&M (Does not check out)
|t 0
|e TA1001 .A56
|h Library of Congress classification
|i unmediated -- volume
|
| 952 |
f |
f |
|p ric
|a Texas A&M University
|b Rellis Campus
|c Joint Library Facility
|d Remote Storage
|t 0
|e TA1001 .A56
|h Library of Congress classification
|i unmediated -- volume
|k 1989/1990
|m A14813842874
|
| 952 |
f |
f |
|p ric
|a Texas A&M University
|b Rellis Campus
|c Joint Library Facility
|d Remote Storage
|t 0
|e TA1001 .A56
|h Library of Congress classification
|i unmediated -- volume
|k 1994
|m A14820335595
|
| 952 |
f |
f |
|p ric
|a Texas A&M University
|b Rellis Campus
|c Joint Library Facility
|d Remote Storage
|t 0
|e TA1001 .A56
|h Library of Congress classification
|i unmediated -- volume
|k 1980
|m A14807665256
|
| 952 |
f |
f |
|p ric
|a Texas A&M University
|b Rellis Campus
|c Joint Library Facility
|d Remote Storage
|t 0
|e TA1001 .A56
|h Library of Congress classification
|i unmediated -- volume
|k 1992
|m A14816569776
|
| 998 |
f |
f |
|a TA1001 .A56
|s 1978-1979
|t 0
|l Cushing: Texas A&M (Does not check out)
|
| 998 |
f |
f |
|a TA1001 .A56
|s 1994;1998
|t 0
|l Remote Storage
|